00363nam a22001097a 4500082002900000100001400029245008500043260005600128300002400184526003700208650000800245 a692.09bAMEcL-14, P-134 aA.S.O.C.E aThe civil engineers role in productivity in the construction industrycA.S.O.C.E aNew yorkbamerican society of civil engineersc1976 a292 p.bill.c24 cm a0b0c0d692_090000000000000_AME aMCE